000 00673cam a2200253 4500
008 000000n2001 000 0 eng u
020 _a0853086702
035 _a(Sirsi) u109666
050 _a346.4104343
100 _aFife, G.
245 _aRenewing business tenancies.
250 _a2nd ed.
260 _aBristol
_bJordans
_c2001
300 _axviii, 142p. ; 24cm.
350 _a40.00
650 _aBUSINESS LEASES
650 _aBUSINESS TENANCIES
650 _aDilapidations
_96235
650 _aLANDLORD AND TENANT ACT 1954 PART II
690 _aLANDLORD AND TENANT-BUSINESS TENANCIES
700 _aHilditch, B.
700 _aMarco, P.
942 _n0
999 _c100970
_d100970